कॉ. डांगे (भारतीय राजकारणातील वादळ) (Record no. 139510)

MARC details
000 -LEADER
fixed length control field 00599nam a2200157Ia 4500
008 - FIXED-LENGTH DATA ELEMENTS--GENERAL INFORMATION
fixed length control field 090124s9999 xx 000 0 und d
082 ## - DEWEY DECIMAL CLASSIFICATION NUMBER
Item number 26026
Classification number 2823
245 ## - TITLE STATEMENT
Title कॉ. डांगे (भारतीय राजकारणातील वादळ)
250 ## - EDITION STATEMENT
Edition statement 1
260 ## - PUBLICATION, DISTRIBUTION, ETC. (IMPRINT)
Date of publication, distribution, etc 1988
300 ## - PHYSICAL DESCRIPTION
Extent 187
630 ## - SUBJECT ADDED ENTRY--UNIFORM TITLE
Uniform title कॉ. डांगे (भारतीय राजकारणातील वादळ)
700 ## - ADDED ENTRY--PERSONAL NAME
Personal name सुर्वे नारायण
730 ## - ADDED ENTRY--UNIFORM TITLE
Uniform title कॉ. डांगे (भारतीय राजकारणातील वादळ)
942 ## - ADDED ENTRY ELEMENTS (KOHA)
Koha item type Book
Holdings
Withdrawn status Lost status Damaged status Not for loan Home library Current library Date acquired Cost, normal purchase price Total Checkouts Full call number Barcode Date last seen Cost, replacement price Price effective from Koha item type
        Marathi Granth Sangrahalaya,Thane Marathi Granth Sangrahalaya,Thane   50.00   26026 THNMGS-26026 01/24/2009 50.00 01/24/2009 Book